000 01849nam0a22003611 4500
001 rc\508320
005 20260407123017.0
021 _aRU
_b87-19598
035 _a(NLR Aleph) 005748608
090 _a4815552
_c4815552
100 _a20030616d1987 |||y0rusy50 ca
101 0 _arus
102 _aRU
105 _aa j||||||||
200 1 _aСОВРЕМЕННОЕ состояние и перспективы развития комплексных САПР СБИС
_e[методические рекомендации]
_fОбщество "Знание" УССР
_g[РДЭНТП]
_g[подготовили: д-р техн. наук А.И. Петренко и А.П. Артеменко]
210 _aКиев
_cОбщество "Знание" УССР
_cРДЭНТП
_d1987
215 _a19 с.
_cсхем.
_d20
225 1 _aМетодические рекомендации в помощь лектору и специалисту народного хозяйства
225 1 _aВ помощь лектору и специалисту
320 _aБиблиогр.: с. 18-19
606 1 _aБольшие интегральные схемы
_jМетодические пособия
_xПроектирование
_92299501
_3RU\NLR\AUTH\661376777
606 1 _aСАПР
_jМетодические пособия
_xПроектирование
_92356119
_3RU\NLR\AUTH\661407305
686 1 _aз844.15-02я9
686 1 _aЖ2-5-05я9
702 1 _aПетренко
_bА. И.
_gАнатолий Иванович
_4220
702 1 _aАртеменко
_bА. П.
_gАнатолий Петрович
_4220
712 0 2 _4475
_a"Знание", общество УССР
_cКиев
_3RU\NLR\AUTH\889960976
_9418265
801 0 _aRU
_bNLR
_gpsbo
801 1 _aRU
_bELAR
_2rusmarc
852 _aNLR
_j88-4/2900
942 _cBOOK
980 _aNB